00650nam a2200109Ia 4500008004100000245004200041300027200083650002800355856006600383999001900449952007200468170517s9999 xx 000 0 und d aQuants: The Alchemists of Wall Street aQuants are the math wizards and computer programmers in the engine room of our global financial system who designed the financial products that almost crashed Wall st. The credit crunch has shown how the global financial system has become increasingly dependent on... xBusiness and Economics. uhttp://topdocumentaryfilms.com/quants-alchemists-wall-street/ c333291d333291 001040aCLbCLd2017-05-17l0r2017-05-17 00:00:00w2017-05-17yDF